Word Ladder: Prehistoric Wives Quiz Stats

 Plays Quiz Updated Jul 6, 2014

Support Sporcle.
Go Orange.
Score 0/15 Timer 01:30
1 Play Today
Clue 5-Letter Word % Correct
Someone who picks on youBULLY
94.9%
Prehistoric TV wife of FredWILMA
94.2%
A common Indian seasoningCURRY
89.3%
Hold in your arms to transportCARRY
88.7%
One of the 3 StoogesCURLY
86.7%
A big bashPARTY
84.3%
Husky or strongly builtBURLY
82.2%
Hamburger unitPATTY
80.9%
Clue 5-Letter Word % Correct
Prehistoric TV wife of BarneyBETTY
78.1%
Ward off a weapon in defensePARRY
76.1%
CrazyBATTY
73%
Make dirtySULLY
71.5%
Loman of 'Death of a Salesman'WILLY
69.2%
Author Cather of 'My √Āntonia'WILLA
67.6%
InaneSILLY
67.2%

Today's Daily Dose

You're not logged in!

Compare scores with friends on all Sporcle quizzes.
OR
Log In

From the Vault

Virginia Cities (1790-2010)

by Dralcoffin

You know what might be a good accompaniment to this quiz? A fine ham.
Remove Ads.
Support Sporcle.
Get the best of Sporcle when you Go Orange. This ad-free experience offers more features, more stats, and more fun while also helping to support Sporcle. Thank you for becoming a member.

Show Comments

Extras

Top Quizzes Today


Score Distribution

Your Account Isn't Verified!

In order to create a playlist on Sporcle, you need to verify the email address you used during registration. Go to your Sporcle Settings to finish the process.

Report this User

Report this user for behavior that violates our Community Guidelines.

Details: